{"text_format":"3","workbook":"xlsx","n_sheets":2,"sheets":["汇总","Sheet1 (2)"],"not_rendered":{"images":17,"defined_names":1},"read":"whole","date_system":"1900"}

{"sheet":"汇总","index":0,"n_rows":56,"n_cols":11,"rows_kept":56}
["编号","类别","名称","材料","规格","数量","单位","单台重量预估(kg)","总重","计划拆除日期","备注"]
["1","有价值废料","原有系统现场电缆拆除","动力电缆",null,1200,"米",2,2400,"5月下旬"]
["2","有价值废料","原有系统现场电缆拆除","信号线",null,1200,"米",0.2,240,"5月下旬"]
["3","有价值废料","电缆及电缆头","厂务-二期仓库","堆",25,"预估：",null,15750,"已拆除","一期改造项目-施工"]
["4","有价值废料","UPS4、UPS5","2#-FAB1A配电室门口","台",2,"按台变卖",null,null,"已拆除","一期改造项目-施工"]
["5","有价值废料","UPS21、UPS22、UPS23、UPS24","3#-CUB柴发机房门口","台",4,"按台变卖",null,null,"已拆除","一期改造项目-施工"]
["6","有价值废料","UPS1、UPS2、UPS3","二期-CUB南侧檐下","台",3,"按台变卖",null,null,"已拆除","一期改造项目-施工"]
["7","有价值废料","SEX风机（不含窝壳）","电机+钢座","28000cmh",7,"台",1500,10500,"5月下旬-6月上旬"]
["8","有价值废料","AEX风机（不含窝壳）","窝壳FRP+电机+钢座","6000cmh",3,"台",500,1500,"5月下旬"]
["9","有价值废料","GEX风机","一般排钢制风机","28000cmh",6,"台",1700,10200,"5月下旬"]
["10","有价值废料","VEX风机","有机钢制风机","13500cmh",2,"台",1000,2000,"5月下旬"]
["11","有价值废料","VEX风机","有机钢制风机","24000cmh",1,"台",1500,1500,"5月下旬"]
["12","有价值废料","FAB1岁修更换风机马达","可回收站","PCS",300,"预估：",null,1500,"已拆除","一期改造项目-施工"]
["13","有价值废料","原有系统现场盘柜拆除","洗涤塔现场控制柜","洗涤塔现场控制柜",4,"面",50,200,"5月下旬"]
["14","有价值废料","原有系统现场盘柜拆除","隔离开关箱","隔离开关箱",20,"面",10,200,"5月下旬"]
["15","有价值废料","烟囱架","5号角钢","高6米",10,"副",600,6000,"5月下旬-6月上旬"]
["16","有价值废料","风管龙门架","5号角钢","5号角钢",270,"米",3.7,999,"5月下旬"]
["17","有价值废料","不锈钢风管","SUS304","D1000",86,"米",50,4300,"5月下旬","含烟囱"]
["18","有价值废料","不锈钢风管","SUS304","D800",10,"米",40,400,"5月下旬"]
["19","有价值废料","酸排不锈钢涂层风管","SUS304+涂层","D1500",48,"米",74,3552,"已拆除2/3,剩下的5月下旬"]
["20","有价值废料","酸排不锈钢涂层风管","SUS304+涂层","D1300",40,"米",64,2560,"5月下旬","烟囱"]
["21","有价值废料","酸排不锈钢涂层风管","SUS304+涂层","D1000",12,"米",50,600,"5月下旬"]
["22","有价值废料","碱排不锈钢涂层风管","SUS304+涂层","D630",28,"米",30,840,"已拆除1/2，剩下的5月下旬"]
["23","有价值废料","碱排不锈钢涂层风管","SUS304+涂层","D400",6,"米",20,120,"5月下旬"]
["24","有价值废料","碱排不锈钢涂层风管","SUS304+涂层","D630",22,"米",30,660,"5月下旬","烟囱"]
["25","有价值废料","一般排镀锌螺旋风管","镀锌","D1500",14,"米",40,560,"已拆除1/5，剩下的5月下旬"]
["26","有价值废料","一般排镀锌螺旋风管","镀锌","D1000",25,"米",30,750,"5月上旬"]
["27","有价值废料","酸排不锈钢涂层手动风阀","SUS304+涂层","D1000",6,"个",70,420,"5月下旬"]
["28","有价值废料","酸排不锈钢涂层止回风阀","SUS304+涂层","D1300",6,"个",60,360,"5月下旬"]
["29","有价值废料","有机不锈钢手动风阀","SUS304","D1000",4,"个",60,240,"5月下旬"]
["30","有价值废料","有机不锈钢止回风阀","SUS304","D1000",4,"个",45,180,"5月下旬"]
["31","有价值废料","一般排镀锌螺旋手动风阀","镀锌","D1000",3,"个",50,150,"5月下旬"]
["32","有价值废料","一般排镀锌螺旋止回风阀","镀锌","D1000",3,"个",40,120,"5月下旬"]
["33","有价值废料","直管","SUS304+涂层","￠1500 L=2410",1,"个",150,150,"已拆除","洁净室风管拆改"]
["34","有价值废料","直管","SUS304+涂层","￠350 L=1190",1,"个",20,20,"已拆除","洁净室风管拆改"]
["35","有价值废料","阀门","SUS304+涂层","￠350 L=300 ",1,"个",6,6,"已拆除","洁净室风管拆改"]
["36","有价值废料","直管","SUS304+涂层","￠350 L=100 ",1,"个","2",2,"已拆除","洁净室风管拆改"]
["37","有价值废料","直管","SUS304+涂层","￠500 L=290",1,"个","8",8,"已拆除","洁净室风管拆改"]
["38","有价值废料","直管","SUS304+涂层","￠400 L=690",1,"个","14",14,"已拆除","洁净室风管拆改"]
["39","有价值废料","直管","SUS304+涂层","￠400 L=290",1,"个","7",7,"已拆除","洁净室风管拆改"]
["40","有价值废料","直管","SUS304+涂层","￠400 L=290",1,"个","7",7,"已拆除","洁净室风管拆改"]
["41","有价值废料","盲板","SUS304+涂层","￠400 ",1,"个","2",2,"已拆除","洁净室风管拆改"]
["42","有价值废料","盲板","SUS304+涂层","￠400 ",1,"个","2",2,"已拆除","洁净室风管拆改"]
["43","有价值废料","直管","SUS304+涂层","￠250 L=1190",1,"个","15",15,"已拆除","洁净室风管拆改"]
["44","有价值废料","直管","SUS304+涂层","￠500 L=2410",1,"个","60",60,"已拆除","洁净室风管拆改"]
["45","有价值废料","直管","SUS304","￠800 L=2400 ",1,"个","80",80,"已拆除","洁净室风管拆改"]
["46","有价值废料","直管","SUS304","￠800 L=2400 ",1,"个","80",80,"已拆除","洁净室风管拆改"]
["47","有价值废料","90°弯头","SUS304","￠1000 R=D ",1,"个","70",70,"已拆除","洁净室风管拆改"]
["48","有价值废料","原有系统现场桥架拆除","400*150，带盖","400*150，带盖",200,"米",5,1000,"5月下旬"]
["49","有价值废料","原有系统现场桥架拆除","200*150，带盖","200*150，带盖",100,"米",3,300,"5月下旬"]
["50","有价值废料","废不绣钢洗眼器","可回收站","PCS",1,"预估",null,100,"已拆除","一期改造项目-施工"]
["51","有价值废料","废铁","可回收站","PCS",1,"预估",null,1500,"已拆除","一期改造项目-施工"]
["52","有价值废料","电机","可回收站","PCS",2,"预估",null,150,"已拆除","一期改造项目-施工"]
["53","有价值废料","补排水","UVPC","1寸、2寸",270,"米",2,540,"5月下旬"]
["54","有价值废料","大塑料桶","可回收站","PCS",2,"预估",null,200,"已拆除"]
["55","有价值废料","灭火器","可回收站","PCS",300,"预估",null,"按个变卖","已拆除"]

{"sheet":"Sheet1 (2)","index":1,"n_rows":10,"n_cols":9,"rows_kept":10,"merged":[[0,0,0,8],[5,5,6,5]]}
["方正微厂务一期改造项目-施工废料清单"]
["序号","物料名称","暂存地点","单位","数量","预估重量（kg）","图示1","图示2","图示3"]
[1,"UPS4、UPS5","2#-FAB1A配电室门口","台",2,"按台变卖"]
[2,"UPS21、UPS22、UPS23、UPS24","3#-CUB柴发机房门口","台",4,"按台变卖"]
[3,"UPS1、UPS2、UPS3","二期-CUB南侧檐下","台",3,"按台变卖"]
[4,"电缆及电缆头","厂务-二期仓库","堆",10,"预估：15750kg"]
[5,"电缆及电缆头","厂务-二期仓库","堆",15]
[6,"UPS21、电池","3#-CUB柴发机房门口2#-FAB1A配电室门口","板",14,"预估：7060KG"]
[7,"FAB1岁修更换风机马达","可回收站","PCS",300,"预估：1500KG"]
[8,"废洗眼器","可回收站","PCS",1,"预估100KG"]